| Поле | Инд. | ПП | Название | Значение |
|---|---|---|---|---|
| Тип записи | a | |||
| Библиографический уровень | m | |||
| 001 | Контрольный номер | 153bf299-4505-4d9a-b4df-d4bca8936c38 | ||
| 005 | Дата корректировки | 20131112040111.3 | ||
| 008 | Кодируемые данные | 960426 d | ||
| 080 | a | Индекс УДК | 531(075.8) | |
| 084 | a | Индекс другой классификации/Индекс ББК | В21я731-1 | |
| 090 | x | Авторский знак | Б94 | |
| a | Полочн. индекс | 531 | ||
| 100 | 1_ | a | Автор | Бухгольц Николай Николаевич |
| 245 | 0_ | a | Заглавие | Основной курс теоретической механики |
| n | Номер части/ раздела | Ч.1 | ||
| p | Название части/ раздела | Кинематика, статика, динамика материальной точки /Перераб. и с доп. С. М. Тарга | ||
| b | Продолж. заглавия | [Для гос. ун-тов : В 2 ч.] | ||
| c | Ответственность | Н. Н. Бухгольц | ||
| 250 | a | Основные сведения об издании | 8-е изд., стер. | |
| 260 | 0_ | a | Место издания | Москва |
| b | Издательство | Наука | ||
| c | Дата издания | 1969 | ||
| 300 | a | Объем | 467с. | |
| b | Иллюстрации/ тип воспроизводства | черт. | ||
| 504 | a | Библиография | Библиогр.: с.461 - Предм. указ.: 462-467. | |
| 650 | a | Основная рубрика | Механика теоретическая | |
| x | Основная подрубрика | Учебники для вузов | ||
| 653 | a | Ключевые слова | Теоретическая механика | |
| a | Ключевые слова | Механика | ||
| a | Ключевые слова | Учебники | ||
| 852 | t | Порядковый номер экземпляра | 11 | |
| p | Инвентарный номер | 355485 | ||
| p | Инвентарный номер | 355486 | ||
| p | Инвентарный номер | 15443-2 | ||
| p | Инвентарный номер | 15443-3 | ||
| p | Инвентарный номер | 15443-4 | ||
| p | Инвентарный номер | 15443-5 | ||
| p | Инвентарный номер | 15443-6 | ||
| p | Инвентарный номер | 15443-7 | ||
| p | Инвентарный номер | 15443-9 | ||
| p | Инвентарный номер | 18343-10 | ||
| p | Инвентарный номер | 18920-11 | ||
| 930 | a | Новая/Ретро | учебники | |
| 954 | a | Дата поступления на обработку | 20011127 | |
| 999 | a | Подразделение 2 | Фил3 |